|
|
|
|
| LEADER |
00826nam a2200181 a 4500 |
| 001 |
00026797 |
| 008 |
130418s2006 bg a b f000 0 eng d |
| 040 |
|
|
|a BD-DhAAL
|c BD-DhAAL
|
| 082 |
0 |
0 |
|a 338.372795492
|2 22
|
| 110 |
1 |
|
|a Bangladesh
|b Dept. of Fisheries.
|
| 245 |
1 |
0 |
|a National fisheries strategy and action plan for the implementation of the national fisheries strategy.
|
| 260 |
|
|
|a Dhaka :
|b Dept. of Fisheries, Ministry of Fisheries & Livestock,
|c 2006
|
| 300 |
|
|
|a 302 p. :
|b ill. ;
|c 30 cm.
|
| 541 |
|
|
|e 00026797
|
| 650 |
|
0 |
|a Fishery policy
|z Bangladesh.
|
| 852 |
1 |
|
|a Ayesha Abed Library
|c General shelf.
|
| 999 |
|
|
|c 13323
|d 13323
|
| 952 |
|
|
|0 0
|1 0
|2 ddc
|4 0
|6 338_372795492000000_NAT
|7 0
|9 22220
|a IGS
|b IGS
|c GEN
|d 2012-04-22
|e A H Development Publishing House
|g 600.00
|l 1
|m 2
|o 338.372795492 NAT
|p 3010026797
|r 2014-06-10
|s 2013-05-07
|t 1
|w 2012-04-22
|y BK
|